000 00590nam a22002057a 4500
003 OSt
005 20140310181930.0
008 130722t xxu||||| |||| 00| 0 eng d
050 _aM 1385
_b.F482 1964
082 _aTR 787.87
_bF47 1964
100 _aFiliberto, Roger
_92636
245 _aRockin' rhythms for the junior guitarist /
_cRoger Filiberto
260 _aKirkwood, Missouri :
_bMel Bay,
_cc1964.
300 _a24 p. :
_bill. ;
_c30 cm.
521 _aFaculty
541 _j1
562 _e1
650 _aGuitar
_xStudies and exercises.
_92640
942 _2lcc
_cBK-TR
_kTR
999 _c7322
_d7322